Countries with More Tourists Than People - Statistics

General Stats
  • This quiz has been taken 70 times
    47 since last reset
  • The average score is 29 of 40
Answer Stats
Tourists to People Answer % Correct
8.7 Monaco
93%
6,866 Vatican City
90%
2.035 Greece
88%
1.827 Saint Lucia
88%
33.5 Andorra
85%
1.253 France
85%
1.822 Luxembourg
85%
3.6 Bahamas
83%
1.89 Ireland
83%
2.033 Saint Kitts and Nevis
83%
2.3 San Marino
83%
2.14 Singapore
83%
2.75 Croatia
80%
3 Iceland
80%
1.43 Liechtenstein
80%
1.83 Barbados
78%
1.11 Dominica
78%
2.94 Maldives
78%
1.80 Denmark
75%
1.40 Spain
75%
1.09 United Arab Emirates
75%
2.71 Antigua and Barbuda
73%
3.9 Malta
73%
1.10 Switzerland
73%
2.93 Austria
70%
1.254 Grenada
70%
1.16 Slovenia
70%
2.09 Cyprus
68%
1.006 Czech Republic
68%
1.26 Qatar
68%
7.5 Bahrain
65%
1.15 Albania
63%
1.14 Slovakia
63%
2.16 Montenegro
60%
2.5 Seychelles
60%
2.2 Estonia
58%
1.23 Hungary
55%
1.01 Bulgaria
50%
6.6 Palau
38%
1.49 Georgia
8%
No matching quizzes found
Score Distribution
Percent of People with Each Score
Percentile by Number Answered
Your Score History
You have not taken this quiz since the last reset